000 01015cam a2200229 4500
001 ABS62685
008 000000n2000 000 0 eng u
035 _a(Sirsi) u108009
100 _aRich, M.
245 _aReview of the Construction Act
260 _c2000
490 _aNew Steel Construction
_v8(5) September/October 2000, 14-15(2)
520 _aThe author is a member of the Construction Liaison Group (CLG) which has recently submitted a report to government on the operation of the Housing Grants, Construction and Regeneration Act 1996. Summarises the results of their findings.
590 _aABS
650 _aHOUSING GRANTS, CONSTRUCTION AND REGENERATION ACT 1996
650 _aPAYMENT PERIODS
650 _aCONSTRUCTION LIAISON GROUP
650 _aPAY WHEN PAID CLAUSES
650 _aMANAGEMENT-DISPUTE AVOIDANCE, MANAGEMENT AND RESOLUTION-DISPUTE MANAGEMENT AND RESOLUTION-ALTERNATIVE DISPUTE RESOLUTION-ADJUDICATION
690 _aBUILT ENVIRONMENT-BUILDING CONTRACT FORMS
942 _n0
999 _c64526
_d64526